Possession claims: lease renewal (4) (Record no. 68698)
[ view plain ]
| 000 -LEADER | |
|---|---|
| fixed length control field | 01126cam a2200241 4500 |
| 001 - CONTROL NUMBER | |
| control field | ABS64693 |
| 008 - FIXED-LENGTH DATA ELEMENTS--GENERAL INFORMATION | |
| fixed length control field | 011026n2001 000 0 eng u |
| 035 ## - SYSTEM CONTROL NUMBER | |
| System control number | (Sirsi) u115346 |
| 100 ## - MAIN ENTRY--PERSONAL NAME | |
| Personal name | Webber, G |
| 245 ## - TITLE STATEMENT | |
| Title | Possession claims: lease renewal (4) |
| 260 ## - PUBLICATION, DISTRIBUTION, ETC. | |
| Date of publication, distribution, etc. | 2001 |
| 490 ## - SERIES STATEMENT | |
| Series statement | Solicitors' Journal |
| Volume/sequential designation | 145(37) 5 October 2001, 902-903(2) |
| 520 ## - SUMMARY, ETC. | |
| Summary, etc. | The last in a series of four articles on the new possession and lease renewal procedures under the Civil Procedure Rules (CPR) examines how Part 56 has changed applications for new leases of business tenancies under the Landlord and Tenant Act 1954 Part II. Explains in detail how claimants will need to use the Part 8 procedure, subject to certain modifications as outined in Part 56 and PD 56. (For Parts 1-3 see ABS64566, ABS64567, ABS64568) |
| 590 ## - LOCAL NOTE (RLIN) | |
| Local note | ABS |
| 650 ## - SUBJECT ADDED ENTRY--TOPICAL TERM | |
| Topical term or geographic name entry element | CIVIL PROCEDURE RULES PART 56 |
| 650 ## - SUBJECT ADDED ENTRY--TOPICAL TERM | |
| Topical term or geographic name entry element | CIVIL PROCEDURE RULES |
| 650 ## - SUBJECT ADDED ENTRY--TOPICAL TERM | |
| Topical term or geographic name entry element | LANDLORD AND TENANT ACT 1954 PART II |
| 650 ## - SUBJECT ADDED ENTRY--TOPICAL TERM | |
| Topical term or geographic name entry element | POSSESSION CLAIMS |
| 650 ## - SUBJECT ADDED ENTRY--TOPICAL TERM | |
| Topical term or geographic name entry element | LEASE RENEWALS |
| 650 ## - SUBJECT ADDED ENTRY--TOPICAL TERM | |
| Topical term or geographic name entry element | BUSINESS TENANCIES |
| 690 ## - LOCAL SUBJECT ADDED ENTRY--TOPICAL TERM (OCLC, RLIN) | |
| Topical term or geographic name as entry element | LANDLORD AND TENANT-BUSINESS TENANCIES |
| 942 ## - ADDED ENTRY ELEMENTS (KOHA) | |
| Suppress in OPAC | 0 |
| Withdrawn status | Lost status | Source of classification or shelving scheme | Damaged status | Not for loan | Home library | Current library | Shelving location | Date acquired | Total Checkouts | Full call number | Barcode | Date last seen | Copy number | Price effective from | Koha item type |
|---|---|---|---|---|---|---|---|---|---|---|---|---|---|---|---|
| Dewey Decimal Classification | London | London | Journal article | 26/10/2001 | ABS64693 | 115346-1001 | 06/08/2019 | 1 | 06/08/2019 | Journal article |